000
00291nam a2200121Ia 4500
008
150201s2004 xx 000 0 und d
082
_a
150
_b
S04K
100
_a
KHAN , M.A.
245
_a
PSYCHOLOGY FOR NURSES
260
_b
ACADEMA PUB.
_a
DELHI
_c
2004
650
_a
PSYCHOLOGY
942
_2
ddc
_c
BK
999
_c
1859
_d
1859